La Ceramique (Record no. 5354)

MARC details
000 -CABECERA
campo de control de longitud fija 00850nam a2200241 a 4500
001 - NÚMERO DE CONTROL
campo de control BRCA_5661
005 - FECHA Y HORA DE LA ÚLTIMA TRANSACCIÓN
campo de control 20190320205154.0
008 - DATOS DE LONGITUD FIJA--INFORMACIÓN GENERAL
campo de control de longitud fija 220211t1933----fr-a######---#000-0#fre-#
041 ## - CÓDIGO DE LENGUA
Código de lengua del texto/banda sonora o título independiente fre
044 ## - CÓDIGO DEL PAÍS DE LA ENTIDAD EDITORA/PRODUCTORA
Código MARC del país fr
050 #4 - SIGNATURA TOPOGRÁFICA DE LA BIBLIOTECA DEL CONGRESO
Número de clasificación NK3780
Número de documento/Ítem .G53 1933
100 1# - ENTRADA PRINCIPAL--NOMBRE DE PERSONA
Nombre de persona Giacomotti, Jeanne
9 (RLIN) 14386
245 10 - MENCIÓN DE TÍTULO
Título La Ceramique
Mención de responsabilidad, etc. Jeanne Giacomotti.
260 ## - PUBLICACIÓN, DISTRIBUCIÓN, ETC.
Lugar de publicación, distribución, etc. París
Nombre del editor, distribuidor, etc. E. Flammarion
Fecha de publicación, distribución, etc. 1933
300 ## - DESCRIPCIÓN FÍSICA
Extensión 3 v.
Otras características físicas il. (algunas a color), 12 láminas
Dimensiones 22 cm.
440 #0 - MENCIÓN DE SERIE/PUNTO DE ACCESO ADICIONAL--TÍTULO
Título Les Arts decoratifs
9 (RLIN) 14387
500 ## - NOTA GENERAL
Nota general Ejemplares iguales a U55 (Tomo II) y U56 (Tomo I)
500 ## - NOTA GENERAL
Nota general F133
505 0# - NOTA DE CONTENIDO CON FORMATO
Nota de contenido con formato Contenido: v.1. Antiquite: Pays musulmans-Extreme Orient. -- v.2. La Faience fine en Europe du Moyen age au XVIIIe siecle. -- v.3. La Faience fine- La porcelaine tendre- La Porcelaine dure
650 14 - PUNTO DE ACCESO ADICIONAL DE MATERIA--TÉRMINO DE MATERIA
Término de materia o nombre geográfico como elemento de entrada Cerámica
Subdivisión general Historia
9 (RLIN) 1463
902 ## - CATALOGADOR
Iniciales GFM
942 ## - ELEMENTOS DE PUNTO DE ACCESO ADICIONAL (KOHA)
Fuente del sistema de clasificación o colocación Library of Congress Classification
Tipo de ítem Koha Libros
Holdings
Estado de retiro Estado de pérdida Estado dañado No para préstamo Localización permanente Ubicación/localización actual Fecha de adquisición Número de inventario Total de préstamos Signatura topográfica completa Código de barras Fecha visto por última vez Precio válido a partir de Tipo de ítem Koha
El ejemplar forma parte de la colección y puede ser consultado según las políticas vigentes.       Biblioteca del Museo Franz Mayer (Rogerio Casas-Alatriste) Biblioteca del Museo Franz Mayer (Rogerio Casas-Alatriste) 17/02/2011 F133   NK3780 .G53 1933 (F133) 6097 22/03/2019 22/03/2019 Libros